| 000 | 00706nam a22002057a 4500 | ||
|---|---|---|---|
| 999 |
_c175732 _d175732 |
||
| 005 | 20200923151942.0 | ||
| 010 | _aENG-128467 | ||
| 020 |
_c399.00 _a9789353940669 |
||
| 035 | _aEN-111999 | ||
| 037 | _bDBAD/PUB | ||
| 082 | _a620.00151 | ||
| 100 | _aEtter, Delores M. | ||
| 245 |
_aIntroduction to MATLAB: _bThird Edition _cby Delores M. Etter |
||
| 250 | _a3rd edition | ||
| 260 |
_aNoida _bPearson _c2020 |
||
| 270 |
_a15th floor,Tower-B,Word Trade Tower,Plot no.1,Block-C sec 16, _bNoida _e201301 _k04466540100 _mcompanysecretary.india@pearson.com |
||
| 300 |
_a243p. _c25cm(pbk) _bIllustrations, diagrams and graphs |
||
| 500 | _aIncludes Index | ||
| 942 |
_2ddc _cEN _h620.00151 _mETT |
||